000 01890namaa2200337 i 4500
003 EG-GICUC
005 20260416131819.0
008 260416s1997 le ||||gr|||| 001 0 ara d
040 _aEG-GiCUC
_bara
_cEG-GiCUC
_dEG-GiCUC
_erda
082 0 4 _221
_a811.94
_bN162 1997
092 0 4 _221
_a811.94
_bN162 1997
099 _a811.94 N162 1997
100 1 _aالنجار، ابراهيم،
_d1941-
_eمؤلف.
245 _aشعراء عباسيون منسيون /
_cابراهيم النجار.
246 0 5 _aPoetes Arabes Mineurs
250 _aالطبعة الأولى.
264 _aبيروت :
_bدار الغرب الاسلامي،
_c1997.
300 _a7 مجلدات ؛
_c24 سم
_bإيضاحيات، صور، مثيليات ؛ Illustrations
336 _2rdacontent
_atext
337 _2rdamedia
_aUnmediated
338 _2rdacarrier
_avolume
504 _aيشتمل على ارجاعات ببليوجرافية وكشافات.
505 _aالجزء الأول.القسم الاول : الاشكالية العامة. الجزء الاول.القسم الثاني : ثقافة البادية ومسالكها.الجزء الثاني.القسم الثاني.مسالك الغزل.الجزء الثالث. القسم الثاني.بين الجد والهزل.الجزء الرابع. القسم الثاني.مسالك الرثاء والتفجع.الجزء الخامس.القسم الثاني.مسالك البطالة.الجزء السادس.القسم الثاني.ملاحق وفهارس
541 _aد. جابر عصفور ؛
_bالقاهرة ؛
_cإهداء ؛
_d2024.
650 1 _aالشعر العربى
_xتاريخ و نقد
_y750-1258
_2qrmak
650 1 _aالشعر العربى
_yالعصر العباسي
_2qrmak
650 1 _aالشعراء العرب
_yالعصر العباسى
_2qrmak
651 1 _2qrmak
905 _aAsmaa
942 _2ddc
_cREF
_e21
_n0
999 _c179525
_d179525